000
00286nam a2200109Ia 4500
008
220204s9999 xx 000 0 und d
082
_a
678.01:53
_b
BIK
245
0
_a
Mechanical properties of polymers
260
_a
New York
_b
John Wiley
_c
1971
700
_a
Bikales, Norbert M
942
_c
BK
999
_c
24416
_d
24416